proceeding of National information Security Seminar (NISS-2011, Islamabad) / (Record no. 534575)
[ view plain ]
| 000 -LEADER | |
|---|---|
| fixed length control field | 00373nam a22001097a 4500 |
| 020 ## - INTERNATIONAL STANDARD BOOK NUMBER | |
| International Standard Book Number | 978-969-8040-29-1 |
| 082 ## - DEWEY DECIMAL CLASSIFICATION NUMBER | |
| Classification number | Proceeding |
| 245 ## - TITLE STATEMENT | |
| Title | proceeding of National information Security Seminar (NISS-2011, Islamabad) / |
| Statement of responsibility, etc | PASTIC, PSF, RIU, NUST, NTISB, CASE, Business Beam. |
| 300 ## - PHYSICAL DESCRIPTION | |
| Extent | 232 p. |
| Dimensions | 28cm. |
| 650 ## - SUBJECT ADDED ENTRY--TOPICAL TERM | |
| Topical term or geographic name as entry element | proceeding - information Security, |
| 942 ## - ADDED ENTRY ELEMENTS (KOHA) | |
| Koha item type | Book |
| Damaged status | Not for loan | Permanent Location | Current Location | Date acquired | Full call number | Barcode | Koha item type |
|---|---|---|---|---|---|---|---|
| Central Library (CL) | Central Library (CL) | 03/04/2020 | Proceeding | R-681 | Book |
